Wszystkie państwa które posiadają litere e! - Statystyki

Ogólne statystyki
  • Ten quiz został rozwiązany 1 411 razy
  • Średni wynik to 54 z 73
Statystyki odpowiedzi
Kontynent Państwo % Poprawnych
Europa Estonia
93%
Europa Niemcy
90%
Ameryka Północna Stany Zjednoczone
90%
Europa Szwecja
89%
Europa Belgia
88%
Europa Grecja
88%
Ameryka Północna Meksyk
88%
Ameryka Południowa Argentyna
87%
Europa Czechy
87%
Ameryka Południowa Ekwador
86%
Europa Norwegia
86%
Ameryka Południowa Chile
85%
Afryka Egipt
85%
Europa Słowenia
85%
Azja Korea Południowa
84%
Ameryka Południowa Peru
84%
Europa Wielka Brytania
84%
Azja Korea Północna
83%
Europa Liechtenstein
83%
Ameryka Południowa Wenezuela
83%
Europa Serbia
82%
Azja Indie
81%
Afryka Republika Południowej Afryki
81%
Azja Jemen
80%
Europa Luksemburg
79%
Europa Macedonia
79%
Oceania Nowa Zelandia
79%
Afryka Erytrea
78%
Afryka Etiopia
78%
Azja Indonezja
78%
Azja Zjednoczone Emiraty Arabskie
78%
Europa Bośnia i Hercegowina
77%
Afryka Demokratyczna Republika Konga
76%
Azja Izrael
76%
Afryka Algieria
75%
Azja Armenia
75%
Azja Azerbejdżan
75%
Afryka Niger
75%
Afryka Nigeria
74%
Azja Uzbekistan
74%
Azja Wietnam
74%
Afryka Gwinea
73%
Ameryka Północna Belize
72%
Afryka Kenia
72%
Afryka Senegal
72%
Azja Turkmenistan
72%
Azja Malezja
71%
Afryka Republika Środkowoafrykańska
71%
Afryka Gwinea Równikowa
69%
Afryka Seszele
69%
Afryka Tunezja
69%
Afryka Zimbabwe
69%
Oceania Papua-Nowa Gwinea
68%
Afryka Gwinea Bissau
67%
Afryka Republika Zielonego Przylądka
67%
Afryka Wybrzeże Kości Słoniowej
67%
Afryka Mauretania
65%
Azja Nepal
65%
Azja Bangladesz
64%
Ameryka Północna Gwatemala
64%
Azja Kuwejt
64%
Afryka Kamerun
63%
Afryka Lesotho
63%
Afryka Liberia
63%
Afryka Benin
62%
Azja Malediwy
62%
Oceania Mikronezja
61%
Ameryka Północna Grenada
59%
Ameryka Północna Saint Vincent i Grenadyny
58%
Afryka Sierra Leone
58%
Afryka Wyspy Świętego Tomasza i Książęca
58%
Azja Brunei
57%
Ameryka Północna Saint Kitts i Nevis
55%
Nie znaleziono quizów pasujących do podanych kryteriów
Rozkład punktacji
Procent ludzi z każdym wynikiem
Percentyl według liczby udzielonych odpowiedzi
Twoja historia wyników
Nie rozwiązałeś tego quizu